Операторы Ганкеля и их приложения: пер. с англ.

Bibliografiset tiedot
Päätekijä: Пеллер В. В. Владимир Всеволодович
Yhteenveto:Настоящей книга представляет собой систематическое изложение теории операторов Ганкеля. В книге охвачены многие разделы теории операторов Ганкеля, и дан широкий спектр приложений в таких областях, как теория приближений, теория прогнозирования и теория управления. Автор рассмотрел различные аспекты теории операторов Ганкеля и их приложения в других областях анализа. Книга содержит многочисленные недавние результаты, которые ранее никогда не были опубликованы в виде монографии. Изложение, предложенное автором, в некоторых случаях даже упрощает первоначальные доказательства теорем. Монография «Операторы Ганкеля и их приложения» будет полезна для специалистов в области анализа и аспирантов и будет незаменима для всех, интересующихся теорией операторов Ганкеля. В. В. Пеллер — профессор математики Мичиганского Университета, США. Он является ведущим специалистом в области операторов Ганкеля, автором более 50 статей по теории операторов и функциональному анализу.
Kieli:venäjä
Julkaistu: Москва, Институт компьютерных исследований, 2005
Sarja:Современная математика
Aiheet:
Aineistotyyppi: Kirja
KOHA link:https://koha.lib.tpu.ru/cgi-bin/koha/opac-detail.pl?biblionumber=109223

MARC

LEADER 00000nam0a2200000 4500
001 109223
005 20231031115940.0
010 |a 5939724345 
035 |a (RuTPU)RU\TPU\book\117902 
090 |a 109223 
100 |a 20070201d2005 k y0rusy50 ca 
101 1 |a rus  |c eng 
102 |a RU 
105 |a y z 001zy 
200 1 |a Операторы Ганкеля и их приложения  |e пер. с англ.  |f В. В. Пеллер 
210 |a Москва  |c Институт компьютерных исследований  |a Ижевск  |d 2005 
215 |a 1028 с. 
225 1 |a Современная математика 
320 |a Библиогр.: с. 965-1008. 
320 |a Именной указатель: с. 1009-1017. 
320 |a Предметный указатель: с. 1018-1026. 
330 |a Настоящей книга представляет собой систематическое изложение теории операторов Ганкеля. В книге охвачены многие разделы теории операторов Ганкеля, и дан широкий спектр приложений в таких областях, как теория приближений, теория прогнозирования и теория управления. Автор рассмотрел различные аспекты теории операторов Ганкеля и их приложения в других областях анализа. Книга содержит многочисленные недавние результаты, которые ранее никогда не были опубликованы в виде монографии. Изложение, предложенное автором, в некоторых случаях даже упрощает первоначальные доказательства теорем. Монография «Операторы Ганкеля и их приложения» будет полезна для специалистов в области анализа и аспирантов и будет незаменима для всех, интересующихся теорией операторов Ганкеля. В. В. Пеллер — профессор математики Мичиганского Университета, США. Он является ведущим специалистом в области операторов Ганкеля, автором более 50 статей по теории операторов и функциональному анализу. 
610 1 |a операторы Ганкеля 
610 1 |a операторы Тёплица 
610 1 |a приложения 
610 1 |a задача Нехари 
610 1 |a гауссовские пространства 
610 1 |a стационарные процессы 
610 1 |a спектральные свойства 
610 1 |a обратная спектральная задача 
610 1 |a факторизации Винера-Хопфа 
610 1 |a матричные функции 
610 1 |a аналитическая аппроксимация 
610 1 |a гильбертовы пространства 
610 1 |a функциональные пространства 
675 |a 517.98  |v 3 
700 1 |a Пеллер  |b В. В.  |g Владимир Всеволодович 
801 1 |a RU  |b 63413507  |c 20070201  |g PSBO 
801 2 |a RU  |b 63413507  |c 20120329  |g PSBO 
942 |c BK